Κατάλογος Βιβλιοθηκών Mediterranean College

Designing with Colour / How the Language of Colour Works and How to Manipulate It in Your Graphic Designs (Record no. 3960)

MARC details
000 -LEADER
fixed length control field 01047cam a22002174a 4500
005 - ΗΜΕΡΟΜΗΝΙΑ ΚΑΙ ΩΡΑ ΤΕΛΕΥΤΑΙΑΣ ΕΝΗΜΕΡΩΣΗΣ
Πεδίο ελέγχου 20250605164130.0
008 - FIXED-LENGTH DATA ELEMENTS--GENERAL INFORMATION
Πεδίο ελέγχου σταθερού μήκους 250528s ||||||||||||||||||||||||d
035 ## - SYSTEM CONTROL NUMBER
System control number 18611
020 ## - ISBN
ISBN 713474513
040 ## - ΠΗΓΗ ΚΑΤΑΛΟΓΟΓΡΑΦΗΣΗΣ
Φορέας πρωτότυπης καταλογογράφησης MC Athens Campus Library
Γλώσσα καταλογογράφησης Ελληνικά, Μοντέρνα (1453-)
Modifying agency MC Athens Campus Library
Κανόνες περιγραφικής καταλογογράφησης AACR2
245 1# - ΤΙΤΛΟΣ ΚΑΙ ΔΗΛΩΣΗ ΥΠΕΥΘΥΝΟΤΗΤΑΣ
Τίτλος Designing with Colour / How the Language of Colour Works and How to Manipulate It in Your Graphic Designs
260 ## - PUBLICATION, DISTRIBUTION, ETC.
Name of publisher, distributor, etc. American Technical Society,
Date of publication, distribution, etc. 1991
300 ## - PHYSICAL DESCRIPTION
Extent 146
505 0# - FORMATTED CONTENTS NOTE
Formatted contents note Introduction, About this book, Cool, Warm, Passive, Active, Feminine, Masculine, Natural, Artificial, Exclusive, Popular, Individual, Corporate, Traditional, Modern, Classical, Romantic, Retrospective, Futuristic, Index, Credits.
520 ## - SUMMARY, ETC.
Summary, etc. Introduction, About this book, Cool, Warm, Passive, Active, Feminine, Masculine, Natural, Artificial, Exclusive, Popular, Individual, Corporate, Traditional, Modern, Classical, Romantic, Retrospective, Futuristic, Index, Credits.
700 1# - ΠΡΟΣΘΕΤΗ ΑΝΑΓΡΑΦΗ--ΦΥΣΙΚΟ ΠΡΟΣΩΠΟ
Personal name Berry Susan
9 (RLIN) 4874
700 1# - ΠΡΟΣΘΕΤΗ ΑΝΑΓΡΑΦΗ--ΦΥΣΙΚΟ ΠΡΟΣΩΠΟ
Personal name Martin Judy
9 (RLIN) 4875
942 ## - ADDED ENTRY ELEMENTS (KOHA)
Koha item type Books
Holdings
Τύπος τεκμηρίου Βιβλιοθήκη Τρέχουσα τοποθεσία Barcode Αριθμός εισαγωγής Ημερομηνία απόκτησης Ταξιθετικό σύμβολο Αριθμός αντιτύπου Κατάσταση απόσυρσης Κατάσταση χαμένου Κατάσταση κατεστραμμένου Μη δανεισμός Σύνολο δανεισμών Ημερομηνία τελευταίας εμφάνισης Η τιμή ισχύει από
Books MC Athens Campus Library MC Athens Campus Library 9780000039590 3515 05/06/2025 741.6 BER 1           05/06/2025 05/06/2025

MC Athens Campus Library
Πατησίων 94 & Κοδριγκτώνος 13, 104 34
Πελλήνης 8 & Πατησίων 107, 112 51
Τ: +30 210 8899600

MC Thessaloniki Campus Library
Ίωνος Δραγούμη 21, 54625 | Ίωνος Δραγούμη 15, 54625
Τ: +30 2310 287779 – Τ: +30 2314 440300